000 00457nam a2200181Ia 4500
001 8125
005 20260306160546.0
008 260306t2009||||xx |||||||||||||| ||spa||
041 _aESP
082 _a370.114
_bC33
100 _aCastillo C., Genara
_eAUT
245 0 _aVirtudes del trabajo profesional:
_b(el reto de la excelencia)
260 _c2009
300 _a246 páginas :
_c21 cm.
650 _aGEN
654 _aCED
942 _cLIB
_dJUS
_fJUS
_2ddc
_n
999 _c8125
_d8125